<?xml version="1.0" encoding="UTF-8"?>
<record
    xmlns:xsi="http://www.w3.org/2001/XMLSchema-instance"
    xsi:schemaLocation="http://www.loc.gov/MARC21/slim http://www.loc.gov/standards/marcxml/schema/MARC21slim.xsd"
    xmlns="http://www.loc.gov/MARC21/slim">

  <leader>03588nam a2200325 a 4500</leader>
  <controlfield tag="003">OSt</controlfield>
  <controlfield tag="005">20240909103938.0</controlfield>
  <controlfield tag="007">cr ||||||a|c|a</controlfield>
  <controlfield tag="008">240906s2024    mx a|||fom||| 001 0 spa d</controlfield>
  <datafield tag="040" ind1=" " ind2=" ">
    <subfield code="e">rda</subfield>
  </datafield>
  <datafield tag="100" ind1="1" ind2=" ">
    <subfield code="a">Rodr&#xED;guez Rojas, Elizabeth Jaret</subfield>
    <subfield code="9">189552</subfield>
  </datafield>
  <datafield tag="245" ind1="1" ind2="0">
    <subfield code="a">N&#xED;quel en el crecimiento, rendimiento y calidad de plantas de fresa (Fragaria x ananassa Duch.) CV, Albi&#xF3;n /</subfield>
    <subfield code="c">por Elizabeth Jaret Rodr&#xED;guez Rojas; director de tesis Sara Monzerrat Ram&#xED;rez Olvera; secretario Claudio Arturo P&#xE9;rez Mercado; vocal Gustavo Mena Nev&#xE1;rez; suplente Jos&#xE9; Manuel Pineda Rios; suplente Oscar Morales Galv&#xE1;n.</subfield>
  </datafield>
  <datafield tag="264" ind1=" " ind2="1">
    <subfield code="a">Chapingo, M&#xE9;xico :</subfield>
    <subfield code="b">El autor,</subfield>
    <subfield code="c">2024.</subfield>
  </datafield>
  <datafield tag="300" ind1=" " ind2=" ">
    <subfield code="a">1 recurso en l&#xED;nea ( 50 p&#xE1;ginas).</subfield>
    <subfield code="b">cuadros, figuras.</subfield>
  </datafield>
  <datafield tag="336" ind1=" " ind2=" ">
    <subfield code="2">rdacontent</subfield>
    <subfield code="a">texto</subfield>
    <subfield code="b">txt</subfield>
  </datafield>
  <datafield tag="337" ind1=" " ind2=" ">
    <subfield code="2">rdamedia</subfield>
    <subfield code="a">computadora</subfield>
    <subfield code="b">c</subfield>
  </datafield>
  <datafield tag="338" ind1=" " ind2=" ">
    <subfield code="2">rdacarrier</subfield>
    <subfield code="a">recurso en l&#xED;nea</subfield>
    <subfield code="b">cr</subfield>
  </datafield>
  <datafield tag="502" ind1=" " ind2=" ">
    <subfield code="c">Universidad Aut&#xF3;noma Chapingo.</subfield>
  </datafield>
  <datafield tag="504" ind1=" " ind2=" ">
    <subfield code="a">Incluye referencias bibliogr&#xE1;ficas: p&#xE1;ginas 34-40.</subfield>
  </datafield>
  <datafield tag="520" ind1=" " ind2=" ">
    <subfield code="a">La fresa (Fragaria &#xD7; ananassa Duch.), es altamente consumida destacando por su sabor, olor y color, adem&#xE1;s de poseer una serie de beneficios para la salud. Es un cultivo de importancia econ&#xF3;mica, que compite en el mercado mundial. Actualmente M&#xE9;xico cuenta con las condiciones favorables para su explotaci&#xF3;n en la industria, por lo que se requiere aprovechar este potencial e incluir elementos que impulsen y eficienticen la producci&#xF3;n. El n&#xED;quel (Ni) es un elemento esencial que participa en el metabolismo vegetal. Sus efectos dependen de las dosis, fuente, especie, periodo y forma de aplicaci&#xF3;n. El objetivo de la presente investigaci&#xF3;n fue evaluar el efecto de Ni a dosis crecientes v&#xED;a foliar, en el crecimiento, rendimiento y calidad de fresa cv. Albi&#xF3;n. Se establecieron plantas de fresa de 40 d&#xED;as de edad en bolsas de polietileno negras con tezontle, y la nutrici&#xF3;n de plantas fue a base de soluci&#xF3;n Steiner. A los 21 d&#xED;as de aclimataci&#xF3;n se inici&#xF3; la aplicaci&#xF3;n de tratamientos que consistieron en 0, 25, 50 y 75 &#x3BC;M Ni los cuales fueron aplicados cada 7 d&#xED;as durante 28 d&#xED;as. A los 7 d&#xED;as despu&#xE9;s de inicio de tratamientos (ddit), y en periodos de 7 d&#xED;as se registraron las variables de altura y n&#xFA;mero de hojas. Se contabilizo el n&#xFA;mero acumulado de flores y frutos. As&#xED; como, el di&#xE1;metro polar y ecuatorial, firmeza, peso y solidos solubles totales (&#xB0; Brix) de frutos. Despu&#xE9;s, se retiraron las plantas del sustrato y se midieron las variables de volumen y longitud de ra&#xED;z, di&#xE1;metro de corona del tallo y biomasa fresca y seca de parte a&#xE9;rea, ra&#xED;z y estolones. La aplicaci&#xF3;n de n&#xED;quel incremento el porcentaje de plantas con estolones y del n&#xFA;mero de estolones por planta, biomasa fresca a&#xE9;rea, peso fresco de frutos, di&#xE1;metro polar de fruto. Mientras que disminuyo el porcentaje de plantas con flores, volumen de ra&#xED;z, biomasa fresca de ra&#xED;z, biomasa seca de parte a&#xE9;rea y ra&#xED;z, peso seco relativo de estolones por planta, firmeza y s&#xF3;lidos solubles totales.</subfield>
  </datafield>
  <datafield tag="650" ind1=" " ind2="4">
    <subfield code="a">Niquel</subfield>
    <subfield code="x">Efecto en fresa</subfield>
    <subfield code="9">189553</subfield>
  </datafield>
  <datafield tag="650" ind1=" " ind2="4">
    <subfield code="a">Fresa</subfield>
    <subfield code="x">Crecimiento</subfield>
    <subfield code="9">43197</subfield>
  </datafield>
  <datafield tag="700" ind1="1" ind2=" ">
    <subfield code="a">Ram&#xED;rez Olvera, Sara Monzerrat</subfield>
    <subfield code="9">128668</subfield>
    <subfield code="e">Director de tesis.</subfield>
  </datafield>
  <datafield tag="700" ind1="1" ind2=" ">
    <subfield code="a">P&#xE9;rez Mercado, Claudio Arturo</subfield>
    <subfield code="9">189067</subfield>
    <subfield code="e">Secretario.</subfield>
  </datafield>
  <datafield tag="700" ind1="1" ind2=" ">
    <subfield code="a">Mena Nev&#xE1;rez, Gustavo</subfield>
    <subfield code="9">74533</subfield>
    <subfield code="e">Vocal.</subfield>
  </datafield>
  <datafield tag="700" ind1="1" ind2=" ">
    <subfield code="a">Pineda Rios, Jos&#xE9; Manuel</subfield>
    <subfield code="9">88174</subfield>
    <subfield code="e">Suplente.</subfield>
  </datafield>
  <datafield tag="700" ind1="1" ind2=" ">
    <subfield code="a">Morales Galv&#xE1;n, Oscar</subfield>
    <subfield code="9">78271</subfield>
    <subfield code="e">Suplente.</subfield>
  </datafield>
  <datafield tag="856" ind1=" " ind2=" ">
    <subfield code="u">http://10.13.5.2/tesis/tl/1612134-3_RODRIGUEZ_ROJAS_ELIZABETH.pdf</subfield>
    <subfield code="z">DESCARGAR PDF</subfield>
  </datafield>
  <datafield tag="942" ind1=" " ind2=" ">
    <subfield code="2">Clasificaci&#xF3;n Universidad Aut&#xF3;noma Chapingo</subfield>
    <subfield code="c">TD</subfield>
  </datafield>
  <datafield tag="999" ind1=" " ind2=" ">
    <subfield code="c">220147</subfield>
    <subfield code="d">220147</subfield>
  </datafield>
  <datafield tag="952" ind1=" " ind2=" ">
    <subfield code="0">0</subfield>
    <subfield code="1">0</subfield>
    <subfield code="2">local</subfield>
    <subfield code="4">0</subfield>
    <subfield code="5">1</subfield>
    <subfield code="7">0</subfield>
    <subfield code="8">TesDigL</subfield>
    <subfield code="a">BD</subfield>
    <subfield code="b">BD</subfield>
    <subfield code="c">E_L</subfield>
    <subfield code="d">2024-09-06</subfield>
    <subfield code="l">0</subfield>
    <subfield code="o">Tesis digital</subfield>
    <subfield code="r">2024-09-06 09:50:44</subfield>
    <subfield code="w">2024-09-06</subfield>
    <subfield code="y">TD</subfield>
  </datafield>
</record>
